000 00725cam a22002533a 4500
001 240
003 PGUSA
005 20140828082945.0
008 950401s1995||||xxu|||||s|||||000 1 eng d
040 _aPGUSA
_beng
042 _adc
050 4 _aPS
100 1 _aHarris, Robert A., Ph.D.,
_d1950-
245 1 0 _aStories from the Old Attic
_h[electronic resource] /
_cRobert A., Ph.D. Harris
260 _bProject Gutenberg,
_c1995
506 _aCopyrighted. Read the copyright notice inside this book for details.
516 _aElectronic text
653 _aFables
653 _aShort stories
653 _aFiction
830 0 _aProject Gutenberg
_v240
856 4 0 _uhttp://www.gutenberg.org/ebooks/240
942 _cEB
999 _c229593
_d229593